000 00638nam a2200277Ia 4500
005 20260324124207.0
008 008 260324s9999 xx 000 0 eng d
020 _a9781315081953
037 _aEBOOK
040 _aCRL
040 _beng
040 _cCRL
041 _2eng
041 _aeng
084 _qCRL
100 _aIsaiah Friedman
_91167271
245 0 _aBritish Pan-Arab Policy, 1915-1922
260 _bTaylor and Francis
260 _c2010
365 _a
365 _b230
856 _uhttp://www.taylorfrancis.com/books/9781315081953
942 _cEBOOK
999 _c1767388
_d1767388